Loading...

Human genetics: Principles and methods

Bibliographic Details
Main Author: Chun, Ching
Format: Printed Book
Published: McGraw-Hill book Co, Inc, NewYork 1961
Subjects:
LEADER 00487nam a2200193 4500
020
082 |a 576.5 CHU-H 
100 |a Chun, Ching 
245 |a Human genetics: Principles and methods 
250
260 |a McGraw-Hill book Co, Inc, NewYork  |c 1961 
300
490
500
590 |a PJ 
650 |a Genetics 
942 |c BK 
999 |c 87601  |d 87601 
952 |0 0  |1 0  |4 0  |6 576_500000000000000_CHUH  |7 0  |9 101069  |a ZGY  |b ZGY  |l 0  |o 576.5 CHU-H  |p ZGY00137  |r 2019-09-25  |w 2019-09-25  |y BK